000 01781cad a22003015a 4500
005 20240307103122.0
008 240307s2024 xxk go 000 0 eng d
020 _a9781783215195
041 0 _aeng
050 _a692.8 $2 20
110 2 _aRoyal Institution of Chartered Surveyors
_94900
245 0 0 _aAcceleration
_h[electronic resource]
260 _aLondon,
_bRICS,
_cFebruary 2024
300 _a26p
490 _aRICS Practice Information
490 0 _aRICS Black Book
520 _aOriginally published as a guidance note in 2011 this document has been reissued as practice information. It has been updated to account for changes in legislation, case law and references to construction contracts since its original publication. The document summarises what is meant by ‘acceleration’ in the construction industry, how acceleration can be achieved in practice, and how it can be valued. When used in connection with construction contracts, ‘acceleration’ generally refers to increasing the originally planned or current rate of progress of the work so as to complete the project (or, where the contract allows for the project to be completed in sections, a section of the project) earlier than would otherwise be the case.
520 _aSupersedes 1st edition 2011 ISBN 9781842196861
590 _aKA NTK
650 2 4 _aRICS BLACK BOOK
650 2 4 _aRICS QS AND CONSTRUCTION STANDARDS
651 4 _aUnited Kingdom
690 _aConstruction management
_96230
700 _aLinnett, Christopher
710 _aRoyal Institution of Chartered Surveyors
_94900
856 4 0 _uhttps://www.rics.org/profession-standards/rics-standards-and-guidance/sector-standards/construction-standards/black-book/acceleration
_zAvailable on RICS.org
942 _n0
_2ddc
999 _c121824
_d121824